Manípulo de flores / (Record no. 141161)

MARC details
000 -LEADER
campo de control de longitud fija 00813nam a2200229 i 4500
001 - NÚMERO DE CONTROL
campo de control 141161
003 - IDENTIFICADOR DE NÚMERO DE CONTROL
campo de control ES-MaACL
005 - FECHA Y HORA DE LA ÚLTIMA TRANSACCIÓN
campo de control 20260127145240.0
007 - CAMPO FIJO DE DESCRIPCIÓN FÍSICA--INFORMACIÓN GENERAL
campo de control de longitud fija t|
008 - DATOS DE LONGITUD FIJA--INFORMACIÓN GENERAL
campo de control de longitud fija 070919s1932 sp ||||1| spa d
100 1# - ENTRADA PRINCIPAL--NOMBRE DE PERSONA
Nombre de persona Vitoria, Francisco de.
9 (RLIN) 115517
245 10 - MENCIÓN DEL TÍTULO
Título Manípulo de flores /
Mención de responsabilidad, etc. del Mro. Fr. Francisco de Vitoria ; recogidas por el P. Getino.
260 ## - PUBLICACIÓN, DISTRIBUCIÓN, ETC.
Lugar de publicación, distribución, etc. Madrid :
Nombre del editor, distribuidor, etc. [s.n.],
Fecha de publicación, distribución, etc. 1932 (
Fabricante Imp. La Rafa)
300 ## - DESCRIPCIÓN FÍSICA
Extensión 157 p. ;
Dimensiones 22 cm.
530 ## - NOTA DISPONIBLE DE FORMULARIO FÍSICO ADICIONAL
Nota de formato físico adicional disponible Disponible en formato digital.
650 #4 - PUNTO DE ACCESO ADICIONAL DE MATERIA--TÉRMINO DE MATERIA
Término de materia o nombre geográfico como elemento de entrada Moral práctica-
Subdivisión de forma Obras anteriores a 1800.
9 (RLIN) 167917
700 1# - ENTRADA AGREGADA--NOMBRE PERSONAL
Nombre de persona Alonso Getino, Luis G.
9 (RLIN) 20331
852 4# - LOCALIZACIÓN
Ubicación ES-MaACL
Número de control de estantería A-1053
856 4# - LOCALIZACIÓN Y ACCESO ELECTRÓNICOS
Identificador Uniforme de Recursos <a href="https://www.euskariana.euskadi.eus/euskadibib/es/bib/1428734.do?queryId=13731&position=1">https://www.euskariana.euskadi.eus/euskadibib/es/bib/1428734.do?queryId=13731&position=1</a>
Texto de enlace Biblioteca Digital Vasca
942 ## - ELEMENTOS DE ENTRADA SECUNDARIOS (KOHA)
Fuente del sistema de clasificación o colocación Clasificación decimal universal
Holdings
Estatus retirado Estado de pérdida Estado de daño No para préstamo Colección Biblioteca de origen Biblioteca actual Ubicación en estantería Fecha de adquisición Fuente de adquisición Total de préstamos Signatura topográfica completa Código de barras Visto por última vez Precio de reemplazo Tipo de ítem Koha
        Colección digital Biblioteca del Ateneo de Madrid Biblioteca del Ateneo de Madrid Sala Pecera Planta 1 17/01/2008     A-1053 1146882 23/02/2023 23/02/2023 Libro impreso